La differenza sostanziale fra res nullius e res nullius in bonis e la distinzione dell res pseudo-marcianea

Збережено в:
Бібліографічні деталі
Автор: Robbe, Ubaldo (Автор)
Формат: Книга
Мова:Італійська мова
Опубліковано: Milán Dott. A. Giuffrè 1979
Серія:Pubblicazioni dell'Istituto di Scienze Giuridiche, Economiche, Politiche e Sociali della Univerità di Messina, 112
Предмети:
Теги: Додати тег
Немає тегів, Будьте першим, хто поставить тег для цього запису!

MARC

LEADER 00000nam a2200000 a 4500
001 UCR1018
003 CL-VaPUC
008 971205e19790000IT |||||||||||||||||ita|d
082 0 4 |a 340.54  |b ROB  |2 21 
100 0 |a Robbe, Ubaldo  |e author  |9 397759 
245 1 3 |a La differenza sostanziale fra res nullius e res nullius in bonis e la distinzione dell res pseudo-marcianea 
300 |a 974 p 
942 |c BK 
945 |d 19971205 00:00:00  |a aolguin 
260 |a Milán  |b Dott. A. Giuffrè  |c 1979 
650 0 |a Derecho romano  |9 255930 
650 7 |a DERECHO HEREDITARIO  |2 CL-VaPUC  |9 397760 
650 0 |a Derecho sucesorio  |9 255015 
583 |a last modification  |c 19971205 00:00:00  |k Rodrigo Vera 
490 0 |a Pubblicazioni dell'Istituto di Scienze Giuridiche, Economiche, Politiche e Sociali della Univerità di Messina, 112 
999 |c 264513  |d 264511 
952 |0 0  |1 0  |4 0  |6 340_540000000000000_ROB_1979  |7 0  |8 DER_ROM  |9 294796  |a BIBDER  |b BIBDER  |d 2019-11-19  |i 1909843  |o 340.54 ROB 1979  |p 1909843  |r 2023-01-25  |w 2019-11-19  |x Ubicación 4to piso  |y BK  |z Este recurso debe solicitarse con anticipación  |k DER